| 000 | 00499nam a2200169 i 4500 | ||
|---|---|---|---|
| 001 | 80374 | ||
| 003 | ES-MaACL | ||
| 005 | 20230906174213.0 | ||
| 007 | t| | ||
| 008 | 041027s1969 sp ||||1| spa d | ||
| 100 | 1 |
_aHochheimer, Wolfgang. _963873 |
|
| 245 | 1 | 3 |
_aLa psicoterapia de C.G. Jung / _cWolfgang Hochheimer ; [versión de Ismael Antich]. |
| 260 |
_aBarcelona : _bHerder, _c1969. |
||
| 300 |
_a177 p. ; _c20 cm. |
||
| 700 | 1 |
_aAntich, Ismael. _921892 |
|
| 852 |
_aES-MaACL _jC-37026 _bR.70416 |
||
| 999 |
_c80374 _d80374 |
||